| 000 | 00744nam a2200229Ia 4500 | ||
|---|---|---|---|
| 999 |
_c43842 _d43842 |
||
| 003 | GCL | ||
| 005 | 20240530103955.0 | ||
| 008 | 140319s9999 xx 000 0 ara d | ||
| 040 |
_aGCL / _cGCL |
||
| 082 | 0 | 4 |
_a171 _bم ع |
| 100 | 1 | _aمجموعة من الاساتذة السوفييت | |
| 245 | 1 | 0 |
_aعلم الاخلاق الماركسية / _cتاليف مجموعة من الاساتذة السوفييت ؛ ترجمة ابراهيم قندور |
| 300 | _a522 | ||
| 490 |
_a100 قصة _v0 |
||
| 650 | 0 | 4 | _aالماركسية |
| 650 | 0 | 4 | _aالشيوعية |
| 650 | 0 | 4 | _aالاشتراكية |
| 650 | 0 | 4 | _aالاخلاق - علم |
| 650 | 0 | 4 | _aمذاهب الاخلاق |
| 700 | 0 | _aابراهيم قندور | |
| 942 |
_2ddc _cBK |
||